Prechod európskych spoločenstiev k hospodárskej a menovej únii kandidátska dizertačná práca

Salvato in:
Dettagli Bibliografici
Autore principale: Hontyová, Kajetána
Ente Autore: Vysoká škola ekonomická v Bratislave. Národohospodárska fakulta
Altri autori: Šíbl, Drahoš
Natura: Libro
Lingua:slovacco
Pubblicazione: Bratislava 1983
Tags: Aggiungi Tag
Nessun Tag, puoi essere il primo ad aggiungerne!!

MARC

LEADER 00000nam a2200000 4500
001 c035270
005 20230116121624.4
041 0 |a slo 
044 |a SK 
245 1 0 |a Prechod európskych spoločenstiev k hospodárskej a menovej únii  |b kandidátska dizertačná práca  |c Kajetána Hontyová ; Ved. práce Drahoš Šíbl 
264 1 |a Bratislava  |c 1983 
300 |a 154 s. 
100 1 |a Hontyová, Kajetána 
700 1 |a Šíbl, Drahoš 
710 2 |a Vysoká škola ekonomická v Bratislave. Národohospodárska fakulta